书目信息 |
| 题名: |
化工百科全书 9
|
|
| 作者: | 本书编委会 | |
| 分册: | ||
| 出版信息: | 北京 化学工业出版社 |
|
| 页数: | 981页 | |
| 开本: | 16开 | |
| 丛书名: | ||
| 单 册: | ||
| 中图分类: | TQ-61 | |
| 科图分类: | ||
| 主题词: | 化学工业 | |
| 电子资源: | ||
| ISBN: | 7-5025-0846-5 | |
| 000 | 00539nam0 2200193 45 | |
| 001 | 0006151782 | |
| 005 | 20001006091259.7 | |
| 010 | @a7-5025-0846-5@d98.00元 | |
| 100 | @a20000615d km y0chiy0120 ea | |
| 101 | 0 | @achi |
| 105 | @a z 000yy | |
| 200 | 1 | @a化工百科全书 9@AHua Gong Bai Ke Quan Shu 9@f本书编委会@FBen Shu Bian Wei Hui |
| 210 | @a北京@c化学工业出版社 | |
| 215 | @a981页@d16开 | |
| 606 | 0 | @a化学工业 |
| 690 | @aTQ-61@v3 | |
| 701 | 0 | @a本书编委会 |
| 801 | @aCN@bPftUser@c20000615 | |
| 905 | @dTQ-61@eH:033:9@b167394-396@f3 | |
| 化工百科全书 9/本书编委会.-北京:化学工业出版社 |
| 981页;16开 |
| ISBN 7-5025-0846-5:98.00元 |
| ● |
| 相关链接 |
|
|
|
正题名:化工百科全书9
索取号:TQ-61/H:033:9
 
预约/预借
| 序号 | 登录号 | 条形码 | 馆藏地/架位号 | 状态 | 备注 |
| 1 | 167394 | 201673947 | 自科库501/501自科库 136排9列5层/ [索取号:TQ-61/H:033:9] | 在馆 | |
| 2 | 167395 | 201673956 | 自科二线504/504自科库 14排3列3层/ [索取号:TQ-61/H:033:9] | 在馆 | |
| 3 | 167396 | 201673965 | 自科二线504/504自科库 14排3列4层/ [索取号:TQ-61/H:033:9] | 在馆 |